000 00247nam a2200097Ia 4500
008 240331s9999 xx 000 0 und d
082 _a300
_bCON
100 _aInstitute of economics growth. ed
245 0 _aContributions to Indian sociology
942 _cL
999 _c971
_d971